The chariots of God; (Record no. 6195)
[ view plain ]
| 000 -LEADER | |
|---|---|
| fixed length control field | 00592nam a2200217I 4500 |
| 001 - CONTROL NUMBER | |
| control field | 4998667 |
| 003 - CONTROL NUMBER IDENTIFIER | |
| control field | OSt |
| 005 - DATE AND TIME OF LATEST TRANSACTION | |
| control field | 20190116104008.0 |
| 008 - FIXED-LENGTH DATA ELEMENTS--GENERAL INFORMATION | |
| fixed length control field | 790524s1955 ohu 000 0 eng |
| 010 ## - LIBRARY OF CONGRESS CONTROL NUMBER | |
| LC control number | 55005280 /L |
| 040 ## - CATALOGING SOURCE | |
| Original cataloging agency | DLC |
| Transcribing agency | OKG |
| Modifying agency | WOO |
| 082 ## - DEWEY DECIMAL CLASSIFICATION NUMBER | |
| Classification number | 242 |
| Item number | G995C |
| 090 ## - LOCALLY ASSIGNED LC-TYPE CALL NUMBER (OCLC); LOCAL CALL NUMBER (RLIN) | |
| Classification number (OCLC) (R) ; Classification number, CALL (RLIN) (NR) | BV4832 |
| Local cutter number (OCLC) ; Book number/undivided call number, CALL (RLIN) | .G9 |
| 100 1# - MAIN ENTRY--PERSONAL NAME | |
| Personal name | Gwynne, J. Harold |
| Fuller form of name | (John Harold), |
| Dates associated with a name | 1899- |
| 245 14 - TITLE STATEMENT | |
| Title | The chariots of God; |
| Remainder of title | weekly devotional meditations of deliverance |
| 250 ## - EDITION STATEMENT | |
| Edition statement | [1st ed.] |
| 260 ## - PUBLICATION, DISTRIBUTION, ETC. | |
| Place of publication, distribution, etc. | Cleveland, |
| Name of publisher, distributor, etc. | World Pub. Co. |
| Date of publication, distribution, etc. | [c1955] |
| 300 ## - PHYSICAL DESCRIPTION | |
| Extent | 120 p. |
| Dimensions | 21 cm |
| 655 #7 - INDEX TERM--GENRE/FORM | |
| Genre/form data or focus term | Meditations. |
| Source of term | lcgft |
| 942 ## - ADDED ENTRY ELEMENTS (KOHA) | |
| Source of classification or shelving scheme | Dewey Decimal Classification |
| Koha item type | Books |
| Withdrawn status | Lost status | Source of classification or shelving scheme | Damaged status | Not for loan | Collection code | Home library | Current library | Shelving location | Date acquired | Cost, normal purchase price | Total Checkouts | Full call number | Barcode | Date last seen | Price effective from | Koha item type |
|---|---|---|---|---|---|---|---|---|---|---|---|---|---|---|---|---|
| Dewey Decimal Classification | Non-fiction | Harvest Mission College | Harvest Mission College | General Stacks | 16.01.2019 | 850.00 | 242 G995C | 007206 | 16.01.2019 | 16.01.2019 | Books |
